000
00281nam a2200121Ia 4500
008
190216s9999||||xx |||||||||||||| ||und||
100
_a
Rodger W Griffin
245
0
_a
Modern Organic Chemistry
260
_b
Mcgraw -hill
_c
1984
300
_a
513p
650
_a
Chemistry
942
_c
BK
999
_c
2558
_d
2558